000
00203 a2200097 4500
020
_a
7509992602825
041
_a
spa
100
_a
Porter, Grant
245
_a
Caldo de pollo para las almitas
942
_c
BK
999
_c
13480
_d
13480